THE STORY OF FLIGHT: (Record no. 9931)
[ view plain ]
| 000 -LEADER | |
|---|---|
| fixed length control field | 00549nam a22001817a 4500 |
| 003 - CONTROL NUMBER IDENTIFIER | |
| control field | OSt |
| 005 - DATE AND TIME OF LATEST TRANSACTION | |
| control field | 20260204091551.0 |
| 008 - FIXED-LENGTH DATA ELEMENTS--GENERAL INFORMATION | |
| fixed length control field | 260204b |||||||| |||| 00| 0 eng d |
| 010 ## - LIBRARY OF CONGRESS CONTROL NUMBER | |
| LC control number | 2002156484 |
| 020 ## - INTERNATIONAL STANDARD BOOK NUMBER | |
| International Standard Book Number | 0778712052 |
| 040 ## - CATALOGING SOURCE | |
| Transcribing agency | Crabtree Publishing Company |
| 050 ## - LIBRARY OF CONGRESS CALL NUMBER | |
| Classification number | HE 9774 .H36 2003 |
| Item number | .H36 2003 |
| 245 ## - TITLE STATEMENT | |
| Title | THE STORY OF FLIGHT: |
| Remainder of title | COMMERCIAL AVIATION |
| Statement of responsibility, etc. | Hansen, Ole Steen |
| 250 ## - EDITION STATEMENT | |
| Edition statement | 1st edition |
| 260 ## - PUBLICATION, DISTRIBUTION, ETC. | |
| Place of publication, distribution, etc. | Dubai: |
| Name of publisher, distributor, etc. | Crabtree Publishing Company, |
| Date of publication, distribution, etc. | 2003 |
| 300 ## - PHYSICAL DESCRIPTION | |
| Extent | 32 pages,includes index, |
| Other physical details | hardcover, |
| Dimensions | 28.6 cm. |
| 942 ## - ADDED ENTRY ELEMENTS (KOHA) | |
| Source of classification or shelving scheme | Library of Congress Classification |
| Koha item type | Books |
| Suppress in OPAC | No |
| Withdrawn status | Lost status | Source of classification or shelving scheme | Damaged status | Not for loan | Home library | Current library | Date acquired | Total checkouts | Full call number | Barcode | Date last seen | Copy number | Price effective from | Koha item type |
|---|---|---|---|---|---|---|---|---|---|---|---|---|---|---|
| Library of Congress Classification | PIU Library | Main Library | 02/04/2026 | HE 9774 .H36 2003 | PIUDL906 | 02/04/2026 | 1 | 02/04/2026 | Books |